00374 a2200121 4500001000900000005001700009008004100026245004200067100002800109700002300137700002300160773006900183ART_756020260410161555.0260409a 10aOptimización del control de calidad1 aCanetti, Miguel Marcelo1 aFreire, Liliana B.1 aNeira, Graciela M.0 tProfesional & Empresariag- Año IX, Nº 104 (may. 2008)wREV70